College reading and writing / (Record no. 354871)
[ view plain ]
| 000 -LEADER | |
|---|---|
| fixed length control field | 00350nam a2200109Ia 4500 |
| 008 - FIXED-LENGTH DATA ELEMENTS--GENERAL INFORMATION | |
| fixed length control field | 180205s9999 xx 000 0 und d |
| 020 ## - INTERNATIONAL STANDARD BOOK NUMBER | |
| International Standard Book Number | 9717250227 |
| 100 ## - MAIN ENTRY--PERSONAL NAME | |
| Personal name | Vinuya, Remedios V. |
| 245 ## - TITLE STATEMENT | |
| Statement of responsibility, etc | Buri, Santa C. |
| Title | College reading and writing / |
| 260 ## - PUBLICATION, DISTRIBUTION, ETC. (IMPRINT) | |
| Place of publication, distribution, etc | Makati City |
| Name of publisher, distributor, etc | grand water publication and research corporation |
| Date of publication, distribution, etc | 1997 |
| 300 ## - PHYSICAL DESCRIPTION | |
| Extent | iii, 395 pages |
| Withdrawn status | Lost status | Damaged status | Home library | Current library | Shelving location | Date acquired | Source of acquisition | Total Checkouts | Full call number | Barcode | Date last seen | Price effective from | Koha item type |
|---|---|---|---|---|---|---|---|---|---|---|---|---|---|
| College Library | College Library | Filipiniana Section | 02/05/2018 | Library Fund | LB 2395 .V94 1997 | C0515 | 05/08/2018 | 02/05/2018 | Books |